MARC

LEADER 00000nam0a2200000 4500
001 93680
005 20231031105313.0
035 |a (RuTPU)RU\TPU\book\100292 
035 |a RU\TPU\book\80051 
090 |a 93680 
100 |a 20060330d1967 m y0rusy50 ca 
101 0 |a rus 
102 |a RU 
105 |a a j 001zy 
200 1 |a Стекловаренные печи  |e учебные пособия  |f Д. Б. Гинзбург 
210 |a Москва  |c Стройиздат  |d 1967 
215 |a 340 с.  |c ил. 
320 |a Библиогр.: с. 327-338 
610 1 |a стекловаренные печи 
610 1 |a стекловарение 
610 1 |a топливо 
610 1 |a сжигание 
610 1 |a расчеты 
610 1 |a эксплуатация 
610 1 |a учебные пособия 
675 |a 666.1.031(075.8)  |v 3 
700 1 |a Гинзбург  |b Д. Б.  |g Давид Борисович 
801 1 |a RU  |b 63413507  |c 20050317  |g PSBO 
801 2 |a RU  |b 63413507  |c 20220620  |g PSBO 
942 |c BK